| 000 | 00855cam a2200253 4500 | ||
|---|---|---|---|
| 001 | 802536 | ||
| 003 | GBCCL | ||
| 005 | 20241126110421.0 | ||
| 008 | 720705s1972 tnua 000 0 eng | ||
| 010 | _a 75189505 | ||
| 020 | _a080541116X | ||
| 040 |
_aDLC _cDLC _dDLC |
||
| 050 | 0 | 0 |
_aBS491.2 _b.P34 |
| 082 | 0 | 0 |
_a220.7 _bTEA |
| 100 | 1 |
_aPaschall, Henry Franklin. _94468 |
|
| 245 | 1 | 4 |
_aThe teacher's Bible commentary. _cEdited by H. Franklin Paschall, Old Testament [and] Herschel H. Hobbs, New Testament. |
| 260 |
_aNashville, _bBroadman Press _c[1972] |
||
| 300 |
_a817 p. _billus. _c24 cm. |
||
| 630 | 0 | 0 |
_aBible _xCommentaries. _91243 |
| 700 | 1 |
_aHobbs, Herschel H. _93868 |
|
| 856 | 4 | 2 |
_3Publisher description _uhttp://www.loc.gov/catdir/enhancements/fy0902/75189505-d.html |
| 906 |
_a7 _bcbc _corignew _d2 _encip _f19 _gy-gencatlg |
||
| 942 |
_2ddc _cREF |
||
| 999 |
_c2186 _d2186 |
||